The doctrine of the church. (Record no. 9007)

000 -LEADER
fixed length control field 00568nam a2200193 a 4500
001 - CONTROL NUMBER
control field :::00006788$&:&@@
003 - CONTROL NUMBER IDENTIFIER
control field OkBaRHE
005 - DATE AND TIME OF LATEST TRANSACTION
control field 20000607103333.0
008 - FIXED-LENGTH DATA ELEMENTS--GENERAL INFORMATION
fixed length control field s1980 j 000 0 eng u
040 ## - CATALOGING SOURCE
Transcribing agency
100 1# - MAIN ENTRY--PERSONAL NAME
Personal name Criswell, W. A. (Wallie A.).
245 14 - TITLE STATEMENT
Title The doctrine of the church.
260 ## - PUBLICATION, DISTRIBUTION, ETC. (IMPRINT)
Place of publication, distribution, etc Nashville, TN., :
Name of publisher, distributor, etc Convention Press
Date of publication, distribution, etc c1980
300 ## - PHYSICAL DESCRIPTION
Extent 142 p. ;
Dimensions 20 cm.
650 ## - SUBJECT ADDED ENTRY--TOPICAL TERM
Topical term or geographic name as entry element Church
650 ## - SUBJECT ADDED ENTRY--TOPICAL TERM
Topical term or geographic name as entry element Theology, Doctrinal
942 ## - ADDED ENTRY ELEMENTS (KOHA)
Source of classification or shelving scheme
Koha item type Books
Copies
Lost status Damaged status Withdrawn status Full call number Koha item type Date acquired Source of classification or shelving scheme Shelving location Copy number Permanent Location Barcode Not for loan Price effective from Date last seen
   BV 600 .C7Books2010-04-14 General Stacks1RHEMA Bible Training College6788 2010-04-142010-04-14